Statistics for Toronto Maple Leafs Captains

Click here to take the quiz!

General Stats

  • This quiz has been taken 82 times
  • The average score is 7 of 21

Answer Stats

Hint Answer % Correct
1997-2008Mats Sundin
94%
2010-2016Dion Phaneuf
84%
1994-97Doug Gilmour
81%
1991-94Wendel Clark
76%
1975-79Darryl Sittler
52%
1969-75Dave Keon
48%
1958-69George Armstrong
48%
1982-86Rick Vaive
47%
1989-91Rob Ramage
27%
1948-55Ted Kennedy
19%
1980-82Darryl Sittler
19%
1927-37Hap Day
19%
1957Ted Kennedy
16%
1945-48Syl Apps
15%
1940-43Syl Apps
11%
1937-38Charlie Conacher
10%
1955-56Sid Smith
5%
1956-57Jimmy Thompson
3%
1943-45Bob Davidson
3%
1938-40Red Horner
2%
1927Bert Corbeau
2%

Score Distribution

Percentile by Number Answered

Percent of People with Each Score

Your Score History

You have not taken this quiz